BRB (Residuary) Limited v South Yorkshire Passenger Transport Executive (Record no. 70214)
[ view plain ]
| 000 -LEADER | |
|---|---|
| fixed length control field | 01201cam a2200205 4500 |
| 001 - CONTROL NUMBER | |
| control field | ABS65353 |
| 008 - FIXED-LENGTH DATA ELEMENTS--GENERAL INFORMATION | |
| fixed length control field | 020508n2002 000 0 eng u |
| 035 ## - SYSTEM CONTROL NUMBER | |
| System control number | (Sirsi) u117891 |
| 245 ## - TITLE STATEMENT | |
| Title | BRB (Residuary) Limited v South Yorkshire Passenger Transport Executive |
| 260 ## - PUBLICATION, DISTRIBUTION, ETC. | |
| Date of publication, distribution, etc. | 2002 |
| 490 ## - SERIES STATEMENT | |
| Series statement | Rating and Valuation Reporter |
| Volume/sequential designation | [2002] RVR 18-28(11) |
| 520 ## - SUMMARY, ETC. | |
| Summary, etc. | ACQ/32/1997 27 September 2001. Claimant B sought compensation for land, forming part of former railway line. Valuation date was 5 August 1991. B produced two valuations, 1) on the basis that retail values applied to northern section of land and 2)on the basis of B1 business value uses. "Held" that the compensation payable by S to B was £277 250. View decision at www.courtservice.gov.uk/tribunals/lands_frm.htm. |
| 590 ## - LOCAL NOTE (RLIN) | |
| Local note | ABS |
| 650 ## - SUBJECT ADDED ENTRY--TOPICAL TERM | |
| Topical term or geographic name entry element | RANSOM VALUE |
| 650 ## - SUBJECT ADDED ENTRY--TOPICAL TERM | |
| Topical term or geographic name entry element | COMPENSATION |
| 650 ## - SUBJECT ADDED ENTRY--TOPICAL TERM | |
| Topical term or geographic name entry element | BRB (RESIDUARY) LIMITED V SOUTH YORKSHIRE PASSENGER TRANSPORT EXECUTIVE |
| 690 ## - LOCAL SUBJECT ADDED ENTRY--TOPICAL TERM (OCLC, RLIN) | |
| Topical term or geographic name as entry element | ENVIRONMENTAL AND LAND CONSULTANCY-PLANNING AND DEVELOPMENT-COMPULSORY PURCHASE AND COMPENSATION |
| 856 ## - ELECTRONIC LOCATION AND ACCESS | |
| Uniform Resource Identifier | <a href="https://www.courtservice.gov.uk/tribunals/lands/decisions/dec-acq-32-97.htm">https://www.courtservice.gov.uk/tribunals/lands/decisions/dec-acq-32-97.htm</a> |
| Public note | View decision at Court Service website... |
| 942 ## - ADDED ENTRY ELEMENTS (KOHA) | |
| Suppress in OPAC | 0 |
| Withdrawn status | Lost status | Source of classification or shelving scheme | Damaged status | Not for loan | Home library | Current library | Shelving location | Date acquired | Total Checkouts | Full call number | Barcode | Date last seen | Copy number | Price effective from | Koha item type |
|---|---|---|---|---|---|---|---|---|---|---|---|---|---|---|---|
| Dewey Decimal Classification | London | London | Journal article | 08/05/2002 | ABS65353 | 117891-1001 | 06/08/2019 | 1 | 06/08/2019 | Law report |